Score 0/17 Timer 02:30
1 Play Today
Hint Answer % Correct
Having relatively little thicknessTHIN
95.4%
A ferry, yacht, or shipBOAT
94.8%
A strip of leather worn to support clothesBELT
93.4%
Casual conversationCHAT
93.2%
A layer of paintCOAT
93%
Strike repeatedlyBEAT
91.5%
Indicating something specific THAT
90.5%
✡ The number of candles in the menorah on the last night ✡NINE
89.9%
Used to introduce a second item of comparisonTHAN
89.3%
Hint Answer % Correct
✡ What a child does to a dreidel ✡SPIN
87.9%
A long, narrow markLINE
86.5%
Raise to a higher positionLIFT
85.1%
✡ What is given to family members during Hanukkah ✡GIFT
83.8%
✡ The symbol on a dreidel that means 'put one in' ✡SHIN
83.6%
L'Chaim means 'To ____'LIFE
83.6%
✡ Chocolate coins ✡GELT
82%
Covered with gold leaf or paintGILT
80.7%

Today's Daily Dose

You're not logged in!

Compare scores with friends on all Sporcle quizzes.
OR
Log In

Sporcle TV

Today on Sporcle TV


Watch our educational content, quiz creation guides, and fun videos on Sporcle TV.

Show Comments

Extras

Top Quizzes Today


Score Distribution

Paid Content

Your Account Isn't Verified!

In order to create a playlist on Sporcle, you need to verify the email address you used during registration. Go to your Sporcle Settings to finish the process.

Report this User

Report this user for behavior that violates our Community Guidelines.

Details: